| 000 | 00811nam a22002177a 4500 | ||
|---|---|---|---|
| 999 |
_c58803 _d58803 |
||
| 005 | 20221105200030.0 | ||
| 008 | 220913s2020 enk||||| |||| 00| 0 eng d | ||
| 020 | _a9780198832171 1 | ||
| 041 | _aeng | ||
| 080 | _a616.31-053 O-97 | ||
| 245 |
_aOxford Handbook of Clinical Dentistry _cEdited by Bethany Rushworth and Anastasios Kanatas |
||
| 250 | _aSeventh Edition | ||
| 264 |
_aOxford, _c2020. |
||
| 300 |
_a840 p. _b19 cm. |
||
| 653 | _aკლინიკური სტომატოლოგიის სახელმძღვანელო | ||
| 653 | _aსტომატოლოგია | ||
| 653 | _aმედიცინა | ||
| 700 |
_aRushworth, Bethany _eრედაქტორი _914585 |
||
| 700 |
_aKanatas, Anastasios _eრედაქტორი _914586 |
||
| 942 |
_2udc _cBK |
||